000 00396nam a22001457a 4500
999 _c7680
_d7678
005 20210319114344.0
008 210319b ||||| |||| 00| 0 eng d
082 _a346.066
100 _aAIYAR, A.N.
_96466
245 _aCOMPANY CASES THE CORPORATE LAW WEEKLY [VOL-163]
260 _aCHENNAI
_bCOMPANY LAW INSTITUTE OF INDIA
_c2011
300 _a592;I-XXXII,P
650 _aLAW
_95701
942 _cJRL